| Tag |
First Indicator |
Second Indicator |
Subfields |
| LEADER |
00000cam a2200000Ia 4500 |
| 001 |
in00002783024 |
| 005 |
20211120170439.0 |
| 006 |
m o d f |
| 007 |
cr bn||||||||| |
| 008 |
121126s1989 mdu obt f000 0 eng d |
| 035 |
|
|
|a (OCoLC)ocn819333736
|
| 040 |
|
|
|a GPO
|c GPO
|d GPO
|d MvI
|d UtOrBLW
|
| 049 |
|
|
|a WWW
|
| 074 |
|
|
|a 0830-H-14 (online)
|
| 086 |
0 |
|
|a NAS 1.26:183421
|
| 100 |
1 |
|
|a Davis, M. H.
|
| 245 |
1 |
2 |
|a A visiting scientist program in atmospheric sciences for the Goddard Space Flight Center :
|b final report /
|c prepared by M. H. Davis.
|
| 264 |
|
1 |
|a Greenbelt, Md. :
|b Goddard Space Flight Center,
|c [1989]
|
| 300 |
|
|
|a 1 online resource (17 pages, 20 unnumbered pages).
|
| 336 |
|
|
|a text
|b txt
|2 rdacontent
|
| 337 |
|
|
|a computer
|b c
|2 rdamedia
|
| 338 |
|
|
|a online resource
|b cr
|2 rdacarrier
|
| 490 |
1 |
|
|a NASA contractor report ;
|v NASA-CR-183421
|
| 500 |
|
|
|a Title from PDF title screen (viewed on Nov. 26, 2012).
|
| 500 |
|
|
|a "January, 1989."
|
| 504 |
|
|
|a Includes bibliographical references (pages 25-28).
|
| 513 |
|
|
|a Final report;
|b April 1984-September 1988.
|
| 536 |
|
|
|a Prepared for Goddard Space Flight Center
|b NAS5-28135
|
| 500 |
|
|
|a Electronic resource.
|
| 650 |
|
7 |
|a Atmospheric composition.
|2 nasat
|
| 650 |
|
7 |
|a Atmospheric General Circulation Models.
|2 nasat
|
| 650 |
|
7 |
|a Earth atmosphere.
|2 nasat
|
| 650 |
|
7 |
|a Remote sensing.
|2 nasat
|
| 650 |
|
7 |
|a Research.
|2 nasat
|
| 650 |
|
7 |
|a Scientists.
|2 nasat
|
| 650 |
|
7 |
|a Tasks.
|2 nasat
|
| 710 |
2 |
|
|a Goddard Space Flight Center.
|
| 776 |
0 |
8 |
|i Print version:
|a Davis, M. H.
|t visiting scientist program in atmospheric sciences for the Goddard Space Flight Center.
|w (OCoLC)819332815
|
| 776 |
0 |
8 |
|i Microfiche:
|a Davis, M. H.
|t visiting scientist program in atmospheric sciences for the Goddard Space Flight Center.
|w (OCoLC)819333745
|
| 830 |
|
0 |
|a NASA contractor report ;
|v NASA CR-183421.
|
| 856 |
4 |
0 |
|u https://purl.fdlp.gov/GPO/gpo31206
|t 0
|
| 999 |
|
|
|a MARS
|
| 999 |
f |
f |
|s 9db94f7c-cf7c-31a9-86af-7e42e52912a1
|i 7547835c-2bf4-3d64-b286-0b7509c7e781
|t 0
|
| 952 |
f |
f |
|a Texas A&M University
|b College Station
|c Electronic Resources
|d Available Online
|t 0
|e NAS 1.26:183421
|h Superintendent of Documents classification
|
| 998 |
f |
f |
|a NAS 1.26:183421
|t 0
|l Available Online
|